000 00474nam a2200181Ia 4500
005 20250326124305.0
008 250326s9999 xx 000 0 und d
037 _aTextbook
040 _aFMSL
_beng
_cFMSL
041 _aeng
_2eng
084 _aXogB K7
_qFMSL
100 _aChrist C F
245 0 _aEconometric models and methods
_cChrist C F
260 _aNY
_bNY, John Wiley
_c1967
300 _a705p
942 _cTB
_hXogB K7
999 _c1273120
_d1273120